Plaguicidas naturales de origen vegetal : estado actual de la investigación /

Guardado en:
Autor Principal: Pascual-Villalobos, M.J.
Formato: Libro
Idioma:Spanish
Materias:
Etiquetas: Agregar Etiqueta
Sin Etiquetas, Sea el primero en etiquetar este registro!
LEADER 00581nam a22001815a 4500
001 EEA.libagro005379
005 20180704094456.0
008 130809s1996####sp############000#0#spa#d
020 |z 84-7498-448-3 
022 |a 0210-3354 
082 0 4 |a 632.96 
100 1 |a Pascual-Villalobos, M.J. 
245 1 0 |a Plaguicidas naturales de origen vegetal :  |b estado actual de la investigación /  |c M.J. Pascual-Villalobos. 
300 |a 35 p. ;  |c 24 cm.. 
653 |a Control biologico 
653 |a Bioplaguicidas 
653 |a Plantas insecticidas 
859 |a AR-BbBCA  |b BIB. AGRONOMIA  |h 632.96  |i P281  |p 1996/2679